000 00320nam a2200133Ia 4500
008 150201s2005 xx 000 0 und d
082 _a615
_bC05L
100 _aLULLMANN,KEINZ
245 _aCOLOUR ATLA OF PHARMACOLOGY
250 _a3RD
260 _bTHIEME
_aNEW YORK
_c2005
650 _aPHARMACOLOGY
942 _2ddc
_cBK
_01
999 _c960
_d960